000 00704nam a2200217Ii 4500
003 JO-AjNU
008 230605s9999||||xx |||||||||||||| ||und||
017 _a2001/804
040 _aJO-AjNU
_bara
_erda
_cJO-AjNU
041 _aara
050 1 4 _aPJ6166 .A98 2001
100 3 _aالعزاوي، نعمة رحيم,
_eauthor
_952807
245 0 0 _aالتعبير الصحيح
250 _aط1
264 3 1 _aبغداد: دار الشؤون الثقافية العامة، 2001
300 _a227ص
336 _atext
_btxt
_2rdacontent
337 _aunmediated
_bn
_2rdamedia
338 _avolume
_bnc
_2rdacarrier
650 4 _aالتعبير اللغوي - اللغة العربية - بلاغة
_952808
999 _aA23414
_c26982
_d26982